00594nam a22001932i 450000100060000000300080000600500170001400800410003103500190007204000320009104100080012308200240013110000410015524500630019626000490025930000280030865000110033683000530034719853BD-RjUL20211209000503.0140225s1952 xxk 000 0 eng d a(BD-RjUL)19914 aUKMcUKMdEQOdBD-RjULbeng aeng a398.220942218bTAL1 aWalsh, J. H.q(John Herbert),d1911-10aTales of King Arthur /cillustrated by Joan Kiddell-Monroe aLondon :c1952. [reprinted 1955]bLongmarce, a165 p. :bill. ;c17 cm apoetry 0aHeritage of literature series, section A; no. 47